Thermodynamics (Record no. 1284)

000 -LEADER
fixed length control field 00633nam a22002294a 4500
001 - CONTROL NUMBER
control field 1284
003 - CONTROL NUMBER IDENTIFIER
control field BD-DhUET
008 - FIXED-LENGTH DATA ELEMENTS--GENERAL INFORMATION
fixed length control field 010119s2002 maua 001 0 eng
020 ## - INTERNATIONAL STANDARD BOOK NUMBER
International Standard Book Number 0070606595
040 ## - CATALOGING SOURCE
Original cataloging agency DLC
Transcribing agency DLC
Modifying agency BD-DhUET
082 00 - DEWEY DECIMAL CLASSIFICATION NUMBER
Classification number 621.01
Item number CEN/2006
100 1# - MAIN ENTRY--PERSONAL NAME
Personal name Çengel, Yunus A.
245 10 - TITLE STATEMENT
Title Thermodynamics
Remainder of title an engineering approach
250 ## - EDITION STATEMENT
Edition statement 5th ed.
260 ## - PUBLICATION, DISTRIBUTION, ETC. (IMPRINT)
Place of publication, distribution, etc. New Delhi
Name of publisher, distributor, etc. Tata McGraw-Hill
Date of publication, distribution, etc. 2006
300 ## - PHYSICAL DESCRIPTION
Extent xxxii, 946p.
Other physical details ill.
490 1# - SERIES STATEMENT
Series statement McGraw-Hill series in mechanical engineering
504 ## - BIBLIOGRAPHY, ETC. NOTE
Bibliography, etc Includes bibliographies

650 #0 - SUBJECT ADDED ENTRY--TOPICAL TERM
Topical term or geographic name as entry element Thermodynamics
700 1# - ADDED ENTRY--PERSONAL NAME
Personal name Boles, Michael A.
942 ## - ADDED ENTRY ELEMENTS (KOHA)
Koha item type General Book
Holdings
Price effective from Koha normalized classification for sorting Lost status Koha issues (times borrowed) Koha out on loan Source of classification or shelving scheme Location (home branch) Koha item type Piece designation (barcode) Shelving location Koha date last borrowed Copy number Not for loan Date acquired Damaged status Sublocation or collection (holding branch) Koha date last seen Withdrawn status Koha full call number
2014-09-02621_000000000000000_01CEN2006 92022-06-28 Central Library, BUETGeneral Book103975Circulation section2022-06-141 2014-09-02 Central Library, BUET2022-06-14 621.01/CEN/2006
2014-09-02621_000000000000000_01CEN2006 112018-11-19 Central Library, BUETGeneral Book103976Circulation section2018-11-052 2014-09-02 Central Library, BUET2018-11-05 621.01/CEN/2006
2014-09-23621_000000000000000_01CEN2006 32017-03-01 Central Library, BUETGeneral Book103977Circulation section2016-03-013 2014-09-23 Central Library, BUET2016-03-01 621.01/CEN/2006
2015-09-07621_010000000000000_CEN_2006 232026-04-13 Central Library, BUETGeneral Book103978Circulation section2026-03-304 2015-09-07 Central Library, BUET2026-03-30 621.01/CEN/2006